Equipos del Este Atlántico de la NBA - Estadísticas

Estadísticas generales
  • Esta prueba ha sido intentada 37 veces
  • La puntuación promedio es 4 de 5
Estadísticas de respuestas
Equipos % Correcto
Boston Celtics
88%
New York Knicks
84%
Brooklyn Nets
78%
Philadelphia 76ers
66%
Toronto Raptors
63%
No se encontraron pruebas coincidentes
Distribución de puntuación
Porcentaje de gente con cada puntuación
Porcentaje por número respondido
Historial de tus puntuaciones
No has intentado esta prueba.